Negocios internacionales (Registro nro. 34962)

Detalles MARC
000 -CABECERA
Longitud fija campo de control 01348cam a2200349 c 4500
001 - NÚMERO DE CONTROL
Número de control a5094455
003 - IDENTIFICADOR DELl NÚMERO DE CONTROL
Identificador del número de control OSt
005 - FECHA Y HORA DE LA ÚLTIMA TRANSACCIÓN
Fecha y hora de la última transacción 20240508151627.0
008 - CÓDIGOS DE INFORMACIÓN DE LONGITUD FIJA
Códigos de información de longitud fija 110810s2018 mex spa
020 ## - NÚMERO INTERNACIONAL NORMALIZADO PARA LIBROS
Número Internacional Normalizado para Libros (ISBN) 978-607-32-4333-9
040 ## - FUENTE DE LA CATALOGACIÓN
Centro catalogador de origen SpMaBN
Lengua de catalogación spa
Centro transcriptor BMC
Normas de descripción rdc
082 ## - NÚMERO DE LA CLASIFICACIÓN DECIMAL DEWEY
Númeroo de clasificación 658.15
082 ## - NÚMERO DE LA CLASIFICACIÓN DECIMAL DEWEY
Númeroo de clasificación 337
082 ## - NÚMERO DE LA CLASIFICACIÓN DECIMAL DEWEY
Númeroo de clasificación 658.800467
100 1# - PUNTO DE ACCESO PRINCIPAL-NOMBRE DE PERSONA
9 (RLIN) 20417
Nombre de persona Daniels, John D.
245 10 - MENCIÓN DE TÍTULO
Título Negocios internacionales
Resto del título : ambientes y operaciones
Mención de responsabilidad, etc. John D. Daniels, Lee H. Radebaugh, Daniel P. Sullivan; traducción, Leticia Esther Pineda Ayala, Erika Montserrat Jasso Hernán D'Borneville; revisión técnica, Agata Michalska Haduch, Araceli Durán Hernández
250 ## - MENCIÓN DE EDICIÓN
Mención de edición 15ª ed
260 ## - PUBLICACIÓN, DISTRIBUCIÓN, ETC. (PIE DE IMPRENTA)
Lugar de publicación, distribución, etc. México, D.F. [etc.]
Nombre del editor, distribuidor, etc. Pearson
Fecha de publicación, distribución, etc. 2018
300 ## - DESCRIPCIÓN FÍSICA
Extensión XLV, 639 p.
Otras características físicas il.
Dimensiones 27 cm
500 ## - NOTA GENERAL
Nota general Índices: p. 595-639
546 ## - NOTA DE LENGUA
Nota de lengua Traducción de: International bussiness. Environments & operations.
650 24 - PUNTO DE ACCESO ADICIONAL DE MATERIA - TÉRMINO DE MATERIA
Término de materia o nombre geográfico como elemento inicial Empresas
9 (RLIN) 5713
Subdivisión de materia general Finanzas
650 24 - PUNTO DE ACCESO ADICIONAL DE MATERIA - TÉRMINO DE MATERIA
Término de materia o nombre geográfico como elemento inicial Economía internacional
9 (RLIN) 5978
650 24 - PUNTO DE ACCESO ADICIONAL DE MATERIA - TÉRMINO DE MATERIA
Término de materia o nombre geográfico como elemento inicial Marketing en Internet
9 (RLIN) 7847
700 1# - PUNTO DE ACCESO ADICIONAL - NOMBRE DE PERSONA
Nombre de persona Radebaugh, Lee H.
9 (RLIN) 20418
700 1# - PUNTO DE ACCESO ADICIONAL - NOMBRE DE PERSONA
Nombre de persona Sullivan, Daniel P.
9 (RLIN) 20419
700 1# - PUNTO DE ACCESO ADICIONAL - NOMBRE DE PERSONA
Nombre de persona Pineda Ayala, Leticia Esther
9 (RLIN) 5262
700 ## - PUNTO DE ACCESO ADICIONAL - NOMBRE DE PERSONA
Nombre de persona Jasso Hernand Borneville, Erika Montserrat‏
9 (RLIN) 7474
700 1# - PUNTO DE ACCESO ADICIONAL - NOMBRE DE PERSONA
Nombre de persona Michalska Haduch, Agata
9 (RLIN) 40647
700 1# - PUNTO DE ACCESO ADICIONAL - NOMBRE DE PERSONA
Nombre de persona Durán Hernández, Araceli
9 (RLIN) 48454
942 ## - ENTRADA DE ELEMENTOS AGREGADOS (KOHA)
Fuente de clasificaión o esquema Dewey Decimal Classification
Koha [por defecto] tipo de item 1- Monografias
Parte de clasificación prozim
Existencias
Suprimido Perdido Fuente de clasificación o esquema Estropeado Restricciones de uso No para préstamo Código de colección Localización permanente Localización actual Localización en estanter&íacute;as Fecha adquisición Fuente de adquisición Número de inventario Préstamos totales Signatura completa Código de barras Fecha última consulta Coste, precio reemplazado Fecha del precio de reemplazo Tipo de item de Koha
NULL NULL Dewey Decimal Classification NULL Prestable NULL NULL Biblioteca Miguel de Cervantes - UNICAES Biblioteca Miguel de Cervantes - UNICAES Sala Principal 04/04/2024 Compra-Facultad de Ciencias Empresariales 035868   658.15 DAN neg 1051912 14/05/2024 60.00 14/05/2024 1- Monografias
NULL NULL Dewey Decimal Classification NULL Prestable NULL NULL Biblioteca Miguel de Cervantes - UNICAES Biblioteca Miguel de Cervantes - UNICAES Sala Principal 04/04/2024 Compra-Facultad de Ciencias Empresariales 035869   658.15 DAN neg 1051913 14/05/2024 60.00 14/05/2024 1- Monografias
NULL NULL Dewey Decimal Classification NULL Prestable NULL NULL Biblioteca Miguel de Cervantes - UNICAES Biblioteca Miguel de Cervantes - UNICAES Sala Principal 04/04/2024 Compra-Facultad de Ciencias Empresariales 035870   658.15 DAN neg 1051914 14/05/2024 60.00 14/05/2024 1- Monografias